Plan general de contabilidad (Registro nro. 2155)

Detalles MARC
000 -LEADER
fixed length control field 01269 a2200241 4500
001 - CONTROL NUMBER
control field 31000
005 - DATE AND TIME OF LATEST TRANSACTION
control field 20260407155618.0
008 - FIXED-LENGTH DATA ELEMENTS--GENERAL INFORMATION
fixed length control field 260407a1991 arg spa d
003 - CONTROL NUMBER IDENTIFIER
control field AR-UNSa-BCEJYS
040 ## - CATALOGING SOURCE
Original cataloging agency AR-UNSa-BCEJYS
Language of cataloging spa
Transcribing agency AR-UNSa-BCEJYS
080 ## - UNIVERSAL DECIMAL CLASSIFICATION NUMBER
Universal Decimal Classification number 657
Common auxiliary subdivision Contabilidad
020 ## - INTERNATIONAL STANDARD BOOK NUMBER
International Standard Book Number 84-87510-17-5
100 1# - MAIN ENTRY--PERSONAL NAME
Personal name Gonzalo, J.A.
245 10 - TITLE STATEMENT
Title Plan general de contabilidad
Name of part/section of a work comentarios y ejemplos prácticos -Guía contable para pequeños y medianas empresas
264 #1 - PRODUCTION, PUBLICATION, DISTRIBUTION, MANUFACTURE, AND COPYRIGHT NOTICE
Place of production, publication, distribution, manufacture Madrid :
Name of producer, publisher, distributor, manufacturer Ediciones Ciencias Sociales
Date of production, publication, distribution, manufacture, or copyright notice 1991
300 ## - PHYSICAL DESCRIPTION
Extent 474 p.
Dimensions 22 cm.
505 ## - FORMATTED CONTENTS NOTE
Formatted contents note 1. Incidencia de la reforma mercantil en la contabilidad de la empresa - 2. Los principios contables en el nuevo plan general de contabilidad - 3. Comentarios al plan general de contabilidad - 4. Contabilización de las transacciones normales de un ejercicio de la pequeña empresa y mediana empresa - 5. Las cuentas anuales normales - 6. Las cuentas anuales abreviadas para la pequeña y mediana empresa - 7. Plazo de realización de las obligaciones jurídico contables de la empresa - 8. Texto íntegro del plan general de contabilidad
590 ## - LOCAL NOTE (RLIN)
Local note niveau_biblio:m niveau_hierar:0
700 1# - ADDED ENTRY--PERSONAL NAME
Personal name Larriba, Alejandro
700 1# - ADDED ENTRY--PERSONAL NAME
Personal name Mallo, Carlos
700 1# - ADDED ENTRY--PERSONAL NAME
Personal name Tua Pereda, Jorge
942 ## - ADDED ENTRY ELEMENTS (KOHA)
Koha item type
Existencias
Withdrawn status Lost status Damaged status Not for loan Home library Current library Shelving location Date acquired Total checkouts Full call number Barcode Date last seen Price effective from Koha item type
        Biblioteca Prof. Eusebio Cleto del Rey Biblioteca Prof. Eusebio Cleto del Rey   07/04/2026   657 G642 L58668 07/04/2026 07/04/2026 Libro